000 00293nam a22001337a 4500
008 170605b xxu||||| |||| 00| 0 eng d
020 _a0313289557
041 _aeng
080 _a94
100 _a18
101 _aSHH
245 _aMICRONESIAN RELIGION AND LORE
_cHANYES.D
942 _2udc
_cBK
999 _c15911
_d15911